000 01591nim a2200361 i 4500
001 197323
003 ES-MaACL
005 20250828062624.0
007 ss lsnjlcipnne
008 140525s1991 sp nnnn |||| 00| spa d
040 _bspa
_cES-MaACL
100 0 _9111767
_aTusell, Javier
_eaut
245 0 0 _aAzaña como gobernante republicano
_h[Grabación sonora] :
_b ciclo de conferencias sobre la figura de Manuel Azaña /
_cpor Javier Tusell
260 _aMadrid :
_bAteneo de Madrid,
_c1991
300 _a2 casetes (ca. 180 min) :
_bson. ;
_c11 cm
490 1 _3Actos culturales en el Ateneo de Madrid
518 _aGrabado el 7 de marzo de 1991 en el Salón de Actos del Ateneo de Madrid
520 _aConferencia sobre la figura de Manuel Azaña (1880-1949) y su cargo político republicano como Presidente de la República Española (1936–1939) dentro del ciclo de conferencias sobre la figura de Manuel Azaña.
540 _aDocumento inédito
594 _5Datos basados en la invitación
600 1 4 _924223
_aAzaña, Manuel,
_d1880-1940
610 2 0 _aAteneo de Madrid-
_xActos culturales-
_y1991-
_vGrabaciones sonoras
_9240452
650 4 _99742
_aAlquimia
653 _aArchivo de la palabra
655 0 _aConferencias
_9234444
710 2 _aAteneo de Madrid.
_bSección de Ciencias Históricas
_91981
830 0 _aActos culturales en el Ateneo de Madrid
_9240237
852 _aES-MaACL
_cDEPOZ
_pCinta 1
_9205615
852 _aES-MaACL
_cDEPOZ
_pCinta 2
_9205616
942 _2udc
_n0
_cCINTASAUD
999 _c197323
_d197323